00977nam a22002657a 45000010005000000030006000050050017000110080041000280200018000690400029000870500015001160820010001311000019001412450103001602500036002632600041002993000039003405010007003795200196003865210020005825210018006026000031006206000026006517000034006774414FISKH20240905093844.0240821b cb ||||| |||| 00| 0 eng d a9780545311939 aFISKHbengcFISKHdFISKH aPZ7.G84568 2813.6 aGreenhut, Josh aThe amazing mexican secret /cCreated by Jeff Brown; By Josh Greenhut; illustrated Macky Pamintuan a First Scholastic printing 2010 aNew York :bFirst Scholastic,c2010. a89 pages :billustrations ;c20 cm aN  aConfident that Stanley can succeed where international spies and thieves have failed, Stanley's mom who loves to cook mails him to Mexico to get a secret herbal ingredient that she must have.8 a580L bLexile 8 aN bRaz-Plus  aMysteryqTraveltAdventure 2FantasydNoveltFunny aPamintuan, Mackyeillustrator